Garcilaso de la Vega : contribución al estudio de la lírica española del siglo XVI /

Estudio que tiene como objetivo mostrar que la poesía de Garcilaso representa a la perfección el ideal renacentista de principios del siglo XVI. Para ello, se revisan los temas de su obra, así como las ideas religiosas, filosóficas y morales en que se fundamentan.

Kaydedildi:
Detaylı Bibliyografya
Yazar: Arce de Vázquez, Margot (autor)
Materyal Türü: Kitap
Dil:İspanyolca
Baskı/Yayın Bilgisi: Río Piedras, Puerto Rico : Universidad de Puerto Rico, 1961, c1961
Edisyon:2a edición
Konular:
Etiketler: Etiketle
Etiket eklenmemiş, İlk siz ekleyin!

MARC

LEADER 00000nam^a2200000^a^4500
001 000391242
005 20250521000000.0
009 20260310121210.327
037 |a Acervo Xavier Clavigero 
041 |a ESP 
082 |a 860. 946042  |b ARC 
100 |a Arce de Vázquez, Margot  |e (autor) 
245 1 0 |a Garcilaso de la Vega :  |b contribución al estudio de la lírica española del siglo XVI /  |c M. Arce de Vázquez. 
250 |a 2a edición 
264 4 |a Río Piedras, Puerto Rico :  |b Universidad de Puerto Rico,  |c 1961, c1961 
300 |a 141 p. 
336 |a texto  |b txt  |2 rdacontenido 
337 |a sin mediación  |b n  |2 rdamedio 
338 |a volumen  |b nc  |2 rdasoporte 
520 |a Estudio que tiene como objetivo mostrar que la poesía de Garcilaso representa a la perfección el ideal renacentista de principios del siglo XVI. Para ello, se revisan los temas de su obra, así como las ideas religiosas, filosóficas y morales en que se fundamentan. 
545 0 |a Garcilaso de la Vega (1501-1536), poeta español, nació en Toledo, de ilustre familia. A pesar de su enorme importancia, la obra poética de Garcilaso es una de las más breves de la literatura española: se reduce a tres églogas, dos elegías, una epístola, cinco canciones, treinta y ocho sonetos, unas pocas composiciones siguiendo las características de la lírica tradicional y tres odas en latín. A pesar de ello, ejerció una influencia considerable en la lírica española, pues con él se produjo la ruptura formal y temática con la Edad Media, al introducir las estrofas (silva, lira, octava, soneto), los metros (heptasílabo y endecasílabo) y los temas (mitología, amor y bucolismo) propios de la literatura renacentista italiana. La primera edición de sus obras data de 1543, reunidas por su amigo Juan Boscán (1487-1542) y editadas por la viuda de éste como Las obras de Boscán y algunas de Garcilazo de la Vega; posteriormente se hicieron ediciones en que se separaban los trabajos de ambos poetas, hasta que el hispanista Tomás Navarro Tomás realizó la edición definitiva de la poesía de Garcilaso en 1911. 
561 |a Ex libris de Bibl. Magnopontanae Domus Scti. Ioseph. Prov. Mex. Sept. S.I 
649 |a XX 
650 |a Escritores Españoles 
650 |a Poesía Española -  |x Historia y Crítica 
650 |a Literatura Española -  |x Historia y Crítica 
650 |a Literatura Española -  |y Siglo XVI 
650 |a Literatura Española -  |y Epoca Clásica, 1500-1700 
650 |a Literatura Barroca -  |z España -  |x Historia y Crítica 
650 |a Renacimiento -  |z España 
650 |a Vega, Garcilaso de la -  |x Tema Principal 
910 |a Fondo General 
920 |a Impresos - Libros 
930 |a Colección General 
940 |a Literatura 
905 |a 101 
901 |a 056126  |b IT1  |c LIT  |u 20250521 
902 |a https://opac.biblio.iteso.mx/vufind/Record/000391242